000
00203 a2200109 4500
020
_a
9682419166
041
_a
spa
100
_a
Laura Fernandez
245
_a
Luis y su Genio
942
_c
BK
952
_7
4
999
_c
16861
_d
16861